コンテンツを見る
処理一覧
ログアウト
ログイン
言語
English
Deutsch
Español
Français
Italiano
日本語
Nederlands
Português
Português (Brasil)
中文(简体)
中文(繁體)
Türkçe
עברית
Gaeilge
Cymraeg
Ελληνικά
Català
Euskara
Русский
Čeština
Suomi
Svenska
polski
Dansk
slovenščina
اللغة العربية
বাংলা
Galego
Tiếng Việt
Hrvatski
हिंदी
全フィールド
タイトル
著者
主題
請求記号
ISBN/ISSN
タグ
検索
詳細検索
検索
経済協力の現状と問題点(1974)...
MARC表示
この資料を引用
この資料をメール
印刷
エクスポート
エクスポート先: RefWorks
エクスポート先: EndNoteWeb
エクスポート先: EndNote
エクスポート先: MARC
エクスポート先: MARCXML
エクスポート先: RDF
エクスポート先: BibTeX
エクスポート先: RIS
お気に入りに追加
経済協力の現状と問題点(1974)
保存先:
書誌詳細
団体著者:
通商産業省通商政策局
フォーマット:
図書
言語:
Undetermined
出版事項:
東京
通商産業調査会
1975
主題:
Economic
タグ:
タグ追加
タグなし, このレコードへの初めてのタグを付けませんか!
Thư viện lưu trữ:
Trung tâm Học liệu Trường Đại học Cần Thơ
所蔵
その他の書誌記述
コメント
類似資料
MARC表示
LEADER
00476nam a2200169Ia 4500
001
CTU_80665
008
210402s9999 xx 000 0 und d
082
|a
330.9
082
|b
T877
110
|a
通商産業省通商政策局
245
0
|a
経済協力の現状と問題点(1974)
260
|a
東京
260
|b
通商産業調査会
260
|c
1975
650
|a
Economic
904
|i
Ngoc,Hải
980
|a
Trung tâm Học liệu Trường Đại học Cần Thơ
類似資料
日・タイ関係の現状と今後の問題点:日本への留学経験者の見方(1973年5月)
出版事項: (1973)
日本経済の転回点
著者:: 下村治(しもむら おさむ)
出版事項: (1973)
経済学方法論の諸問題
出版事項: (1967)
経済指標のかんどころ
出版事項: (1973)
日本経済の体質と構造
著者:: 飯田経夫(いいだ つねお)
出版事項: (1972)
ロード中...